Balancing disability rights and safety requirements (Record no. 68281)

MARC details
000 -LEADER
fixed length control field 01065cam a2200241 4500
001 - CONTROL NUMBER
control field ABS64540
008 - FIXED-LENGTH DATA ELEMENTS--GENERAL INFORMATION
fixed length control field 010917n2001 000 0 eng u
035 ## - SYSTEM CONTROL NUMBER
System control number (Sirsi) u114616
100 ## - MAIN ENTRY--PERSONAL NAME
Personal name Davies, J.
245 ## - TITLE STATEMENT
Title Balancing disability rights and safety requirements
260 ## - PUBLICATION, DISTRIBUTION, ETC.
Date of publication, distribution, etc. 2001
490 ## - SERIES STATEMENT
Series statement Health and Safety Bulletin
Volume/sequential designation (301) September 2001, 17-22(6)
520 ## - SUMMARY, ETC.
Summary, etc. Considers the potential conflicts that may arise between duties owed by employers under the Disability Discrimination Act 1995 and health and safety legislation. Discusses the conflicts between legal duties and dealing with residual risks. Offers guidance to employers on how they can reconcile their duties under these two sets of legislation. Also discusses the ruling in "Jones v Post Office".
590 ## - LOCAL NOTE (RLIN)
Local note ABS
650 ## - SUBJECT ADDED ENTRY--TOPICAL TERM
Topical term or geographic name entry element DISABILITY DISCRIMINATION ACT 1995
650 ## - SUBJECT ADDED ENTRY--TOPICAL TERM
Topical term or geographic name entry element HEALTH AND SAFETY AT WORK ETC ACT 1974
650 ## - SUBJECT ADDED ENTRY--TOPICAL TERM
Topical term or geographic name entry element EMPLOYERS
650 ## - SUBJECT ADDED ENTRY--TOPICAL TERM
Topical term or geographic name entry element DUTIES
650 ## - SUBJECT ADDED ENTRY--TOPICAL TERM
Topical term or geographic name entry element ADJUSTMENTS
650 ## - SUBJECT ADDED ENTRY--TOPICAL TERM
Topical term or geographic name entry element JONES V POST OFFICE
690 ## - LOCAL SUBJECT ADDED ENTRY--TOPICAL TERM (OCLC, RLIN)
Topical term or geographic name as entry element Health and safety
9 (RLIN) 6244
942 ## - ADDED ENTRY ELEMENTS (KOHA)
Suppress in OPAC 0
Holdings
Withdrawn status Lost status Source of classification or shelving scheme Damaged status Not for loan Home library Current library Shelving location Date acquired Total Checkouts Full call number Barcode Date last seen Copy number Price effective from Koha item type
    Dewey Decimal Classification     London London Journal article 17/09/2001   ABS64540 114616-1001 06/08/2019 1 06/08/2019 Journal article